<?xml version="1.0" encoding="UTF-8"?>
<collection xmlns="http://www.loc.gov/MARC21/slim">
 <record>
  <leader>00552pamaa2200157   4500</leader>
  <controlfield tag="001">0000023648</controlfield>
  <controlfield tag="005">20060523090000.0</controlfield>
  <datafield tag="020" ind1="0" ind2="0">
   <subfield code="a">0198730578 </subfield>
  </datafield>
  <datafield tag="082" ind1=" " ind2=" ">
   <subfield code="a">943.07 BLA 1984</subfield>
  </datafield>
  <datafield tag="090" ind1="0" ind2="0">
   <subfield code="a">DD204 </subfield>
   <subfield code="b">BLA 1984</subfield>
  </datafield>
  <datafield tag="100" ind1="1" ind2="0">
   <subfield code="a">BLACKBOURN </subfield>
  </datafield>
  <datafield tag="245" ind1="1" ind2="4">
   <subfield code="a">The Peculiarities of German history : </subfield>
   <subfield code="b">bourgeois society and politics in nineteenth-century Germany  </subfield>
   <subfield code="c">David Blackbourn and Geoff Eley.</subfield>
  </datafield>
  <datafield tag="260" ind1="0" ind2="0">
   <subfield code="a">Oxford: </subfield>
   <subfield code="b">Oxford University Press, </subfield>
   <subfield code="c">1984.</subfield>
  </datafield>
  <datafield tag="300" ind1=" " ind2=" ">
   <subfield code="a">viii, 300p.; </subfield>
   <subfield code="c">22cm.</subfield>
  </datafield>
  <datafield tag="650" ind1="0" ind2="0">
   <subfield code="a">Germany -- </subfield>
   <subfield code="x">History -- </subfield>
   <subfield code="x">Historiography -- </subfield>
   <subfield code="y">1789-1900 </subfield>
  </datafield>
  <datafield tag="700" ind1="1" ind2="1">
   <subfield code="a">ELEY, </subfield>
   <subfield code="h">Geoff </subfield>
  </datafield>
 </record>
</collection>
